Iconic Buildings Around the World #1 - Statistics

General Stats
  • This quiz has been taken 55 times
  • The average score is 4 of 10
Answer Stats
Picture Hint Answer % Correct
Agra, India Taj Mahal
96%
Istanbul, Turkey Hagia Sophia
78%
New York City, USA The Guggenheim
71%
Athens, Greece Acropolis of Athens
37%
St. Louis, Missouri, USA The Gateway Arch
27%
Giza, Egypt The Pyramids of Giza
27%
Paris, France Centre Georges Pompidou
20%
Prague, Czech Republic Dancing House
8%
Chenonceaux, France Château de Chenonceau
6%
Rio de Janeiro, Brazil Niterói Contemporary Art Museum
0%
No matching quizzes found
Score Distribution
Percent of People with Each Score
Percentile by Number Answered
Your Score History
You have not taken this quiz